La guerra de los mundos / (Record no. 112016)

MARC details
000 -CABECERA
campo de control de longitud fija 00687nam a2200217 a 4500
005 - FECHA Y HORA DE LA ÚLTIMA TRANSACCIÓN
campo de control 20240213064453.0
008 - ELEMENTOS DE LONGITUD FIJA--INFORMACIÓN GENERAL
campo de control de longitud fija 050828s1984 mx r 000 0 spa d
020 ## - NÚMERO INTERNACIONAL NORMALIZADO PARA LIBROS
Número Internacional Estándar del Libro 968847116X
035 ## - NÚMERO DE CONTROL DEL SISTEMA
Número de control de sistema UPN01000139868
049 ## - COLECCIÓN
Colección CG
050 #4 - SIGNATURA TOPOGRÁFICA DE LA BIBLIOTECA DEL CONGRESO
Número de clasificación PR5773 E8
Número de documento/Ítem G8.6a
100 1# - ASIENTO PRINCIPAL--NOMBRE PERSONAL
Nombre de persona Wells, Herbert George,
Fechas asociadas al nombre 1866-1946
9 (RLIN) 29468
245 13 - MENCIÓN DE TÍTULO
Título La guerra de los mundos /
Mención de responsabilidad, etc. Herbert George Wells ; tr. Ramiro de Maeztu.
260 ## - PUBLICACIÓN, DISTRIBUCIÓN, ETC.
Lugar de publicación, distribución, etc. México :
Nombre del editor, distribuidor, etc. Origen :
-- Seix Barral,
Fecha de publicación, distribución, etc. 1984.
300 ## - DESCRIPCIÓN FÍSICA
Extensión 175 p.
440 #0 - MENCIÓN DE SERIE/ASIENTO SECUNDARIO--TÍTULO
Título Obras maestras del siglo XX ;
Designación de volumen o secuencia 47
534 ## - NOTA SOBRE LA VERSIÓN ORIGINAL
Frase introductoria Título original:
Mención de título del original The war of the worlds
650 #4 - ASIENTO SECUNDARIO DE MATERIA - TERMINO TEMATICO
Término de materia o nombre geográfico como elemento de entrada Novela inglesa
9 (RLIN) 4471
650 #4 - ASIENTO SECUNDARIO DE MATERIA - TERMINO TEMATICO
Término de materia o nombre geográfico como elemento de entrada Ciencia ficción
Subdivisión de forma Novela
9 (RLIN) 6959
905 ## - TIPO DE MATERIAL
Tipo de material Libro
Holdings
Estado de retiro Estado de pérdida Fuente del sistema de clasificación o colocación Estado dañado No para préstamo Código de colección Localización permanente Ubicación/localización actual Ubicación en estantería Total de préstamos Clasificación Código de barras Fecha visto por última vez Número de copia Tipo de ítem Koha
    Library of Congress Classification     Colección General Bib. Gregorio Torres Quintero Bib. Gregorio Torres Quintero Planta baja 6 PR5773 E8 G8.6a 231986 31/12/2020 1 Libro